[Event "?"]
[Site "Bern op"]
[Date "1995.??.??"]
[Round "8"]
[White "Miezis, Normunds"]
[Black "Stoll, Ferdinand"]
[Result "1-0"]
[WhiteElo "2435"]
[BlackElo "2230"]

1.c4 f5 2.d4 Nf6 3.Nc3 g6 4.g3 Bg7 5.Bg2 O-O 6.Nf3 d6 7.O-O Nc6 8.b3 Ne4
9.Bb2 e5 10.dxe5 Nxc3 11.Bxc3 dxe5 12.Qd5+ Kh8 13.Qxd8 Rxd8 14.Ng5 Rf8
15.Bd5 e4 16.Bxg7+ Kxg7 17.Bxc6 bxc6 18.f3 h6 19.Nh3 exf3 20.exf3 a5
21.Rfe1 a4 22.Rad1 axb3 23.axb3 Kf6 24.Nf4 Ra3 25.Re3 g5 26.Ne2 Be6
27.Kf2 Ra2 28.Ke1 c5 29.Rd2 Rfa8 30.Nc3 Ra1+ 31.Rd1 Bf7 32.Rxa1 Rxa1+
33.Kf2 c6 34.f4 Ra3 35.h4 gxh4 36.gxh4 Kg6 37.Ne2 Kf6 38.Nc1 Bh5
39.Re5 Ra1 40.Nd3 Ra2+ 41.Kg3 Rc2 42.Nxc5 Rc3+ 43.Kg2 Rc2+ 44.Kf1 Bf3
45.Re6+ Kg7 46.Rd6 Rb2 47.Ne6+ Kh7 48.Nd4 Be4 49.c5 Rh2 50.Nxc6 Rxh4
51.Ne5 Rxf4+ 52.Kg1 Rh4 53.c6 Rh1+ 54.Kf2 Rh2+ 55.Kg3 Rg2+ 56.Kf4 Rf2+
57.Ke3 Rb2 58.c7 Rxb3+ 59.Kd4 Bb7 60.Rd7+ Kg8 61.Rd8+ Kg7 62.Rb8 1-0

[Event "?"]
[Site "Bern op"]
[Date "1995.??.??"]
[Round "8"]
[White "Milov, Leonid"]
[Black "Polak, Tomas"]
[Result "1/2-1/2"]
[WhiteElo "2525"]
[BlackElo "2420"]

1.e4 e6 2.d4 d5 3.Nd2 c5 4.exd5 Qxd5 5.Ngf3 cxd4 6.Bc4 Qd6 7.O-O Nf6
8.Nb3 Nc6 9.Re1 a6 10.Nbxd4 Nxd4 11.Nxd4 Qc7 12.Bd3 Bd6 13.Nf5 Bxh2+
14.Kh1 Kf8 15.g3 exf5 16.Kxh2 Be6 17.Qf3 h5 18.Bf4 Qb6 19.Bg5 h4
20.gxh4 Qd4 21.Bxf5 Rxh4+ 22.Kg1 Bd5 23.Qa3+ Kg8 24.Bxh4 Qxh4 25.Qh3 Qg5+
26.Kf1 g6 27.Bd3 Nh5 28.Re3 Nf4 29.Qg3 Qh6 30.Qg1 Rd8 31.Rd1 Qh5
32.Be2 Bg2+ 33.Ke1 Qa5+ 34.c3 Rxd1+ 35.Bxd1 Qxa2 36.Qh2 Qc4 37.Be2 Qa4
38.Bd1 Qc4 39.Be2 Qa4 40.Bd1 Qc4 1/2-1/2

[Event "?"]
[Site "Bern op"]
[Date "1995.??.??"]
[Round "8"]
[White "Pavasovic, Dusco"]
[Black "Bagirov, Vladimir"]
[Result "1/2-1/2"]
[WhiteElo "2440"]
[BlackElo "2530"]

1.e4 Nf6 2.Nc3 d5 3.e5 Nfd7 4.f4 c5 5.Nf3 Nc6 6.g3 a6 7.Bg2 Nb6 8.d3 Bg4
9.Ne2 e6 10.O-O Be7 11.c3 h5 12.h3 Bf5 13.Be3 Qc7 14.b4 c4 15.Nc1 cxd3
16.Nxd3 Nc4 17.Bf2 g6 18.Qe2 Be4 19.Nd4 Nxd4 20.Bxd4 Bxg2 21.Kxg2 b6
22.Qf2 Rc8 23.Rh1 1/2-1/2

[Event "?"]
[Site "Bern op"]
[Date "1995.??.??"]
[Round "8"]
[White "Razuvaev, Yuri"]
[Black "Kelecevic, Nedeyko"]
[Result "1-0"]
[WhiteElo "2580"]
[BlackElo "2450"]

1.c4 e6 2.Nc3 d5 3.d4 Nf6 4.cxd5 Nxd5 5.Nf3 c5 6.e3 cxd4 7.exd4 Bb4
8.Qc2 Nc6 9.Be2 Nf6 10.O-O O-O 11.Rd1 Be7 12.a3 Bd7 13.Bc4 Rc8 14.Qe2 Qc7
15.Ba2 Rfd8 16.h3 Be8 17.Be3 a6 18.Rac1 Qa5 19.Bf4 Bf8 20.Bg5 Ne7
21.Bxf6 gxf6 22.d5 exd5 23.Nd4 Bd7 24.Rd3 Ng6 25.Rcd1 Re8 26.Qd2 Be6
27.b4 Qb6 28.Nxd5 Bxd5 29.Bxd5 Re5 30.Nf3 Re7 31.Bb3 Rce8 32.Rd6 Qa7
33.Rd7 Rxd7 34.Qxd7 Re7 35.Qd5 b5 36.g3 Ne5 37.Nxe5 Rxe5 38.Qf3 Kg7
39.Qg4+ Kh8 40.Rd7 f5 41.Rxa7 Re1+ 42.Kg2 fxg4 43.hxg4 Ra1 44.Rxf7 Bg7
45.Ra7 Bf8 46.Rxa6 Bxb4 47.Ra8+ Kg7 48.Rg8+ 1-0

[Event "?"]
[Site "Bern op"]
[Date "1995.??.??"]
[Round "8"]
[White "Sher, Miron"]
[Black "Ziatdinov, Raset"]
[Result "1-0"]
[WhiteElo "2510"]
[BlackElo "2410"]

1.c4 e6 2.g3 d5 3.Bg2 Nf6 4.Nf3 Be7 5.O-O O-O 6.d4 Nbd7 7.Qc2 a6 8.Nbd2 c5
9.cxd5 Nxd5 10.Ne4 cxd4 11.Nxd4 N7b6 12.Bd2 Bd7 13.Rad1 Rc8 14.Qb1 Nc4
15.Bc1 Qb6 16.Nb3 Ba4 17.Rxd5 exd5 18.Nc3 Bc6 19.Nxd5 Bxd5 20.Bxd5 Bf6
21.Qf5 Qb5 22.g4 Rfd8 23.e4 Qd7 24.Qf4 Nb6 25.g5 Nxd5 26.exd5 Be7
27.Rd1 b5 28.Qf3 Rc4 29.h3 Qc7 30.Bd2 b4 31.Qd3 Rh4 32.Kg2 h6 33.gxh6 Rd6
34.Kf1 Qd7 35.Nc1 Rxh3 36.Qe4 Rh4 37.f4 Qh3+ 38.Kf2 Rg4 39.Qf3 Bh4+
40.Ke3 1-0

[Event "?"]
[Site "Bern op"]
[Date "1995.??.??"]
[Round "8"]
[White "Shneider, Aleksandr"]
[Black "Meijers, Viesturs"]
[Result "1/2-1/2"]
[WhiteElo "2530"]
[BlackElo "2360"]

1.d4 d5 2.Nf3 e6 3.c4 Nf6 4.Nc3 Be7 5.Bg5 O-O 6.e3 b6 7.Rc1 Bb7
8.cxd5 exd5 9.Bd3 Nbd7 10.O-O c5 11.Bf5 Re8 12.Qc2 h6 13.Bf4 Nh5
14.Qa4 Nf8 15.Be5 g6 16.Bh3 f6 17.Bg3 Nxg3 18.hxg3 Qd6 19.dxc5 bxc5
20.Rfd1 Red8 21.e4 Bc6 22.Qa6 d4 23.Nb5 Bxb5 24.Qxb5 Kg7 25.b3 Qb6
26.Qd3 a5 27.Rc4 a4 28.bxa4 Ra5 29.Rb1 Qa6 30.Qb3 Ra8 31.e5 f5 32.g4 f4
33.g5 hxg5 34.Qc2 Kh6 35.Nd2 Rxa4 36.Rxa4 Qxa4 37.Qe4 Qxa2 38.Nf3 Ra7
39.Rd1 Qb2 40.e6 Ra2 41.Rf1 Qe2 42.Qb7 Bd6 43.Qd5 Be7 44.Qb7 Bd6
45.Qd5 1/2-1/2

[Event "?"]
[Site "Bern op"]
[Date "1995.??.??"]
[Round "8"]
[White "Summermatter, Daniel"]
[Black "Suba, Mihai"]
[Result "1/2-1/2"]
[WhiteElo "2345"]
[BlackElo "2475"]

1.d4 Nf6 2.g3 c5 3.d5 g6 4.Bg2 Bg7 5.Nf3 O-O 6.O-O d6 7.Nc3 Bg4 8.Nd2 Qd7
9.a4 Na6 10.Nc4 Nb4 11.Bg5 h6 12.Bxf6 Bxf6 13.Ne4 Bg7 14.c3 Na6 15.f4 Bh3
16.Bxh3 Qxh3 17.Nf2 Qd7 18.e4 Nc7 19.Ng4 f5 20.exf5 Qxf5 21.Nge3 Qe4
22.Re1 Rf7 23.Qb3 b6 24.Rad1 g5 25.f5 Qf3 26.Qc2 Ne8 27.Rf1 Qh5 28.g4 Qh4
29.Qg2 h5 30.h3 hxg4 31.hxg4 Bf6 32.Nd2 Rh7 33.Nf3 Qh3 34.Qxh3 Rxh3
35.Kg2 Rh8 36.Rh1 Rxh1 37.Rxh1 a6 38.Rh5 b5 39.Rh1 bxa4 40.Ra1 Rb8
41.Nc4 Nc7 42.Rxa4 Kf7 43.Ra2 Nxd5 44.Rxa6 Nf4+ 45.Kf1 Nd3 46.Ra2 d5
47.Ne3 Nf4 48.Ng2 Nxg2 49.Kxg2 d4 50.Kf2 dxc3 51.bxc3 Rb3 52.Rc2 Ra3
53.Ke3 Ra4 54.c4 Ra1 55.Ke4 Ra3 56.Rf2 e6 57.Ne5+ Ke7 58.fxe6 Rc3
59.Kd5 Bxe5 60.Rf7+ Ke8 61.Kxe5 Rxc4 62.Kf5 Rf4+ 63.Kxg5 Rxf7
64.exf7+ Kxf7 65.Kf5 c4 66.Ke4 Kf6 67.Kd4 Kg5 68.Kxc4 1/2-1/2

[Event "?"]
[Site "Bern op"]
[Date "1995.??.??"]
[Round "8"]
[White "Sutter, Oliver"]
[Black "Einwiller, Dieter"]
[Result "1-0"]
[WhiteElo "2310"]
[BlackElo "2290"]

1.d4 Nf6 2.c4 e6 3.g3 Bb4+ 4.Nd2 O-O 5.Bg2 d6 6.Ngf3 Qe7 7.O-O Bxd2
8.Bxd2 Ne4 9.Be3 f5 10.Qc2 c6 11.b4 d5 12.Rab1 Nd7 13.b5 Nd6 14.Bd2 Nxc4
15.Bb4 c5 16.dxc5 Nxc5 17.Bxc5 Qxc5 18.Ne5 Rb8 19.Rfc1 Re8 20.Nxc4 Qxc4
21.Qxc4 dxc4 22.Rxc4 e5 23.Ra4 Ra8 24.Bd5+ Kf8 25.b6 a6 26.Rc1 Rd8
27.e4 fxe4 28.Bxe4 h6 29.Kg2 Rd6 30.Rb4 Ke7 31.Rc7+ Rd7 32.Rbc4 Kd8
33.a3 a5 34.h4 a4 35.R4c5 Rb8 36.Bf5 g6 37.Bxd7 Bxd7 38.Rd5 1-0

[Event "?"]
[Site "Bern op"]
[Date "1995.??.??"]
[Round "8"]
[White "Tukmakov, Vladimir"]
[Black "Raetsky, Aleksander"]
[Result "1-0"]
[WhiteElo "2585"]
[BlackElo "2510"]

1.d4 d5 2.c4 dxc4 3.Nf3 Nf6 4.e3 e6 5.Bxc4 c5 6.O-O a6 7.Bd3 Nbd7
8.Qe2 Be7 9.Nc3 O-O 10.dxc5 Nxc5 11.Bc2 b5 12.e4 b4 13.e5 Nfd7 14.Ne4 Bb7
15.Rd1 Bd5 16.Bf4 Rc8 17.Nd6 Bxd6 18.exd6 Qf6 19.Bg3 Bxf3 20.gxf3 e5
21.Be4 h5 22.h4 Rb8 23.Rd5 g6 24.Rad1 Rb6 25.Bc2 Ne6 26.Qe3 Nd4
27.R1xd4 exd4 28.Rxd4 Rbb8 29.Ba4 Nc5 30.Rf4 Qxd6 31.Rc4 Qd3 32.Rxc5 Rbd8
33.Qxd3 Rxd3 34.Kg2 Rd2 35.Bb3 Rxb2 36.Rc6 Kh7 37.Rxa6 1-0

[Event "?"]
[Site "Bern op"]
[Date "1995.??.??"]
[Round "8"]
[White "Zueger, Beat"]
[Black "Heilemann, Manfred"]
[Result "1-0"]
[WhiteElo "2480"]
[BlackElo "2255"]

1.c4 c5 2.g3 Nc6 3.Bg2 g6 4.Nc3 Bg7 5.Rb1 h5 6.h4 d6 7.a3 Bd7 8.b4 cxb4
9.axb4 Qc8 10.Nf3 Nh6 11.d4 Bg4 12.Bxh6 Bxh6 13.e3 Bg7 14.Qb3 O-O
15.O-O Bh3 16.Bxh3 Qxh3 17.b5 Na5 18.Qa2 b6 19.Nd5 Bf6 20.c5 Qf5
21.Kg2 dxc5 22.dxc5 Nb7 23.e4 Qxe4 24.Rfe1 Qg4 25.Rb4 1-0

[Event "?"]
[Site "Bern op Brett 29"]
[Date "1995.??.??"]
[Round "5"]
[White "Spindler, Markus"]
[Black "Kuzmin, Gennadi"]
[Result "0-1"]
[WhiteElo "2165"]
[BlackElo "2545"]

1.e4 e5 2.Nf3 d6 3.d4 exd4 4.Nxd4 Nf6 5.Nc3 Be7 6.Be2 O-O 7.O-O Re8
8.f4 Bf8 9.Bf3 c5 10.Ndb5 a6 11.e5 axb5 12.exf6 b4 13.fxg7 Bxg7
14.Nb5 Ra5 15.c4 bxc3 16.Nxc3 c4 17.Re1 Nc6 18.Rxe8+ Qxe8 19.Bd2 Qd8
20.Kh1 Be6 21.Bxc6 bxc6 22.Ne4 Rd5 23.Nc3 Rd3 24.Qe2 d5 25.Rf1 Bf5
26.Re1 h5 27.Qxh5 Qd7 28.Qe2 c5 29.g3 d4 30.Nd1 Bg4 31.Qf2 c3
32.bxc3 Bxd1 33.Rxd1 dxc3 34.Qxc5 Qb7+ 0-1